US States in Alphabetical Order (With Penalties) - Statistics

General Stats
  • This quiz has been taken 49 times
  • The average score is 30 of 50
Answer Stats
State % Correct
A Alabama
95%
A Alaska
92%
A Arizona
79%
A Arkansas
79%
G Georgia
79%
H Hawaii
79%
C California
77%
C Colorado
77%
C Connecticut
77%
D Delaware
77%
F Florida
77%
I Illinois
69%
I Indiana
69%
I Iowa
69%
K Kansas
69%
K Kentucky
69%
I Idaho
67%
L Louisiana
67%
M Maine
62%
R Rhode Island
62%
M Maryland
59%
U Utah
59%
M Massachusetts
56%
P Pennsylvania
56%
S South Carolina
56%
S South Dakota
56%
V Vermont
56%
V Virginia
56%
M Michigan
54%
O Oregon
54%
T Texas
54%
W Washington
54%
T Tennessee
51%
W West Virginia
51%
W Wisconsin
51%
W Wyoming
51%
M Minnesota
49%
N Nebraska
49%
O Ohio
49%
M Mississippi
46%
M Missouri
46%
M Montana
46%
O Oklahoma
46%
N Nevada
44%
N New Hampshire
44%
N New Jersey
38%
N New York
38%
N North Carolina
38%
N North Dakota
38%
N New Mexico
36%
No matching quizzes found
Score Distribution
Percent of People with Each Score
Percentile by Number Answered
Your Score History
You have not taken this quiz